Teacher identity in an after-school engineering club : (Record no. 21139)
[ view plain ]
| 000 -LEADER | |
|---|---|
| fixed length control field | 01107nam a22002177a 4500 |
| 005 - DATE AND TIME OF LATEST TRANSACTION | |
| control field | 20250829085517.0 |
| 008 - FIXED-LENGTH DATA ELEMENTS--GENERAL INFORMATION | |
| fixed length control field | 240902b ||||| |||| 00| 0 eng d |
| 082 ## - DEWEY DECIMAL CLASSIFICATION NUMBER | |
| Classification number | DPer 372.05 El262 September-December 2019 v. 120 n. 1-2 |
| 100 ## - MAIN ENTRY--PERSONAL NAME | |
| Personal name | Silvestri, Katarina N. |
| Relator term | author. |
| 9 (RLIN) | 59659 |
| 245 ## - TITLE STATEMENT | |
| Title | Teacher identity in an after-school engineering club : |
| Remainder of title | Navigating border crossing in an unfamiliar community of practice / |
| Statement of responsibility, etc. | Katarina N. Silvestri, Mary B. McVee, Christopher J. Jarmark, Lynn E. Shanahan, Marissa Pltlak-Surdyke, and Kenneth English. |
| 260 ## - PUBLICATION, DISTRIBUTION, ETC. (IMPRINT) | |
| Place of publication, distribution, etc. | Goldenrey ; |
| Name of publisher, distributor, etc. | Direct Marketing Inc. , |
| Date of publication, distribution, etc. | September 2019. |
| 300 ## - PHYSICAL DESCRIPTION | |
| Extent | volume 120, pages 1-31 : |
| Other physical details | illustration ; |
| Dimensions | 26 cm. |
| 500 ## - GENERAL NOTE | |
| General note | The elementary school journal, vol. 120, no. 1, pages 1-31, September 2019. |
| 700 ## - ADDED ENTRY--PERSONAL NAME | |
| Personal name | Silvestri, Katarina N. |
| Relator term | author. |
| 9 (RLIN) | 59659 |
| 700 ## - ADDED ENTRY--PERSONAL NAME | |
| Personal name | McVee, Mary B. |
| Relator term | author. |
| 9 (RLIN) | 59660 |
| 700 ## - ADDED ENTRY--PERSONAL NAME | |
| Personal name | Jarmark, Christopher J. |
| Relator term | author. |
| 9 (RLIN) | 59661 |
| 700 ## - ADDED ENTRY--PERSONAL NAME | |
| Personal name | Shanahan, Lynn E. |
| Relator term | author. |
| 9 (RLIN) | 59662 |
| 700 ## - ADDED ENTRY--PERSONAL NAME | |
| Personal name | Pltlak-Surdyke, Marissa. |
| Relator term | author. |
| 9 (RLIN) | 59663 |
| 700 ## - ADDED ENTRY--PERSONAL NAME | |
| Personal name | English, Kenneth. |
| Relator term | author. |
| 9 (RLIN) | 59664 |
| 942 ## - ADDED ENTRY ELEMENTS (KOHA) | |
| Source of classification or shelving scheme | Dewey Decimal Classification |
| Koha item type | Periodicals |
| Withdrawn status | Lost status | Source of classification or shelving scheme | Damaged status | Not for loan | Collection code | Home library | Current library | Date acquired | Total Checkouts | Full call number | Date last seen | Price effective from | Koha item type | Public note |
|---|---|---|---|---|---|---|---|---|---|---|---|---|---|---|
| Dewey Decimal Classification | Periodicals | UM Digos College - LIC | UM Digos College - LIC | 09/02/2024 | DPer 372.05 El262 September-December 2019 v. 120 n. 1-2 | 09/02/2024 | 09/02/2024 | Periodicals | Periodical Article |
